000 00400nam a2200157Ia 4500
008 230917s9999||||xx |||||||||||||| ||und||
040 _e109739
_aMAIN
041 _aEnglish
082 _a005.133 B181O
100 _aBalagurusamy, E
245 0 _aObject-oriented programming with C++
250 _a3rd ed.
260 _aNew Delhi
_bTata McGraw-Hill
_c2006
300 _axiii, 614 p.
942 _cBK
999 _c130150
_d130150